Quiz sur la Scandinavie - Statistiques

Statistiques générales
  • Ce quiz a été pris 115 fois
  • Le résultat moyen est 6 sur 16
Statistiques - réponses
Hint Réponse % Correct
Le pays le plus vaste de Scandinavie Suède
100%
Capitale du Danemark Copenhague
74%
Devise monétaire du Danemark, Norvège et la Suède Couronne
70%
Œuvre norvégienne célèbre de Edvard Munch Le cri
69%
Région célèbre du nord de la Suède et de la Finlande Laponie
56%
Conte dannois connu écrit par Hans Andersen La petite sirène
46%
Norvège en norvégien Norge
46%
Fille rousse connue dans ses livres et dans ses films Fifi
40%
Célèbre joueur de football suédois d'origine bosniaque Zlatan Ibrahimovic
40%
Peuple autochtone originaire du nord de la Finlande Samis
25%
Archipel du Danemark d'une population de 50000 habitants Iles féroés
17%
Branche du christianisme et religion principale de Scandinavie Luthéranisme
17%
Fête de l'été en Suède Midsommar
17%
Île se situant entre la Suède et la Finlande Åland
16%
Le coureur surnommé "le finlandais volant" Paavo Nurmi
1%
Plus grand lac de Scandinavie Vänern
1%
Aucun quiz correspondant
Distribution des résultats
% des personnes avec chaque résultat
Percentile par nombre de réponses
Votre historique - résultats
Vous n’avez pas pris ce quiz